Geography Quiz

Random Geography or City Quiz

City Skylines Quiz Stats

 Plays Quiz Updated Jul 31, 2019

Score 0/16 Timer 04:00
1 Play Today
% Correct
Paris
99%
London
93.4%
Sydney
92.9%
Seattle
88.5%
St. Louis
77.3%
Rio de Janeiro
65.5%
Dubai
60.2%
Toronto
58.3%
% Correct
Hong Kong
50.2%
San Francisco
45.3%
Shanghai
40.2%
Kuala Lumpur
34%
Vancouver
27.3%
Singapore
25.4%
Seoul
13.7%
Frankfurt
9.5%

You're not logged in!

Compare scores with friends on all Sporcle quizzes.
OR
Log In

Sporcle TV

Today on Sporcle TV


Watch our educational content, quiz creation guides, and fun videos on Sporcle TV.

Show Comments

Extras

Top Quizzes Today


Score Distribution

Your Account Isn't Verified!

In order to create a playlist on Sporcle, you need to verify the email address you used during registration. Go to your Sporcle Settings to finish the process.

Report this User

Report this user for behavior that violates our Community Guidelines.

Details: